Reglament de participació ciutadana
Publicado:
Barcelona :
Diputació de Barcelona. Àrea d'Atenció a les Persones. Gerència de Serveis d'Igualtat i Ciutadania ,
2017
Descripción Física:
10 pàgines : 21 cm
Colección:
Quaderns de participació ciutadana
; 3
Idioma:
Catalán
MARC
| LEADER | 00000nam a2200000 a 4500 | ||
|---|---|---|---|
| 001 | 25498 | ||
| 008 | 220516s2017 spa||||| ||||s00| 0 cat c | ||
| 017 | |a DL B 18373-2017 | ||
| 080 | |a FU-69-11 | ||
| 245 | 1 | |a Reglament de participació ciutadana | |
| 260 | |a Barcelona : |b Diputació de Barcelona. Àrea d'Atenció a les Persones. Gerència de Serveis d'Igualtat i Ciutadania, |c 2017 | ||
| 300 | |a 10 pàgines : |c 21 cm | ||
| 490 | 1 | |a Quaderns de participació ciutadana ; |v 3 | |
| 650 | 0 | |a Participació ciutadana |9 7371 | |
| 650 | 0 | |a Administració local |x Dret i legislació |9 31521 | |
| 710 | |a Barcelona (Catalunya : Província). |b Gerència de Serveis d'Igualtat i Ciutadania |9 52163 | ||
| 830 | 0 | |9 56231 |a Quaderns de participació ciutadana |v 3 | |
| 942 | |2 udc |c ARXIU |n 1 | ||
| 952 | |0 0 |1 0 |4 0 |6 FU6911 |7 1 |9 61679 |a Arxiu |b Arxiu |d 2022-05-16 |l 0 |o FU-69-11 |p 25498 |r 2022-05-16 00:00:00 |w 2022-05-16 |y ARXIU | ||
| 999 | |c 81572 |d 81572 | ||